Pobreza, institución, familia
Tallennettuna:
| Päätekijät: | , |
|---|---|
| Muut tekijät: | |
| Aineistotyyppi: | Kirja |
| Kieli: | espanja |
| Julkaistu: |
Buenos Aires
Amorrortu
2000
|
| Sarja: | Psicología, Terapia Familiar
|
| Aiheet: | |
| Tagit: |
Lisää tagi
Ei tageja, Lisää ensimmäinen tagi!
|
MARC
| LEADER | 00000nam a2200000 a 4500 | ||
|---|---|---|---|
| 001 | UCL7931 | ||
| 003 | CL-VaPUC | ||
| 008 | 040604e20000000AG |||||||||||||||||spa|d | ||
| 020 | |a 9505180845 | ||
| 082 | 0 | 4 | |a 362.5 |b MIN |2 21 |
| 100 | |a Minuchin, Patricia |e autora |9 485888 | ||
| 700 | 0 | |a Colapinto, Jorge |e author |9 485889 | |
| 700 | |a Minuchin, Salvador |e autor |9 564483 | ||
| 245 | 1 | 0 | |a Pobreza, institución, familia |
| 300 | |a 296 p | ||
| 942 | |c BK | ||
| 945 | |d 20040604 00:00:00 |a cmena | ||
| 260 | |a Buenos Aires |b Amorrortu |c 2000 | ||
| 650 | 0 | |a Problemas sociales |9 258537 | |
| 650 | 0 | |a Pobreza |9 258652 | |
| 650 | 0 | |a Familias |9 255641 | |
| 583 | |a last modification |c 20040604 00:00:00 |k Rodrigo Vera | ||
| 490 | 0 | |a Psicología, Terapia Familiar | |
| 999 | |c 309480 |d 309478 | ||
| 952 | |0 0 |1 0 |4 0 |6 362_500000000000000_MIN_2000 |7 0 |8 A |9 376936 |a BIBEDU |b BIBEDU |d 2019-11-21 |i 4021754 |o 362.5 MIN 2000 |p 4021754 |r 2019-11-21 |w 2019-11-21 |y BK |k PSI | ||
| 952 | |0 0 |1 0 |4 0 |6 362_500000000000000_MIN_2000 |7 0 |8 A |9 376937 |a BIBEDU |b BIBEDU |d 2019-11-21 |i 4037057 |o 362.5 MIN 2000 |p 4037057 |r 2019-11-21 |w 2019-11-21 |y BK |k EDU | ||